000 01467nam a22003617a 4500
003 CHAP
005 20230613062622.0
008 971013s1994 r 00010 d
010 _a38989
011 _a39961
035 _a44086
040 _cCHAP
082 _a334.683
_bC6
110 _aComisión Mexicana para la Cooperación con Centroamérica
_925753
245 _aCooperación México - Centroamérica
_b: documentos básicos
260 _aMéxico, D.F. :
_bLa Comisión,
_c1994-
300 _av.
500 _aLa biblioteca tiene : v.4 (Pte. 1 y 2). -- v.5
590 _aBATCH-UPD
_b10
_c20130110
_lUCH01
_h1048
590 _aBATCH-UPD
_b10
_c20130410
_lUCH01
_h0646
590 _aBATCH-UPD
_b10
_c20130914
_lUCH01
_h1044
590 _aCONVERSION
_b10
_c20130109
_lUCH01
_h1322
650 1 7 _aCooperación internacional
_2
_927771
650 1 4 _aMéxico
_xRelaciones exteriores
_xAmérica Central.
_976786
901 _aBK
942 _cLIBRO
949 _a334.683 C6
_bBC
_cLIBRO
_d33724000001806
_eLIBRO
_fv.4 Pte. 2
_h87608
_i44086
_si
949 _a334.683 C6
_bBC
_cLIBRO
_d33724000001814
_eLIBRO
_fv.4 Pte. 1
_h87607
_i44086
_si
949 _a334.683 C6
_bBC
_cLIBRO
_d33724000614020
_eLIBRO
_fv.5
_h90530
_i44086
_si
949 _a334.683 C6
_bBC
_cLIBRO
_d33724000680278
_eLIBRO
_fv.5 c.3
_h92177
_i44086
_si
949 _a334.683 C6
_bBC
_cLIBRO
_d33724000680286
_eLIBRO
_fv.5 c.4
_h92176
_i44086
_si
949 _a334.683 C6
_bBC
_cLIBRO
_d33724002206983
_eLIBRO
_fv.5 c.2
_h90531
_i44086
_si
999 _c38989
_d38989